| 000 | 00688cam a2200229 a 4500 | ||
|---|---|---|---|
| 001 | 000008870 | ||
| 005 | 20200929161429.0 | ||
| 008 | 901030s1987 sp 000 1 spa c | ||
| 020 | _a8439711131 | ||
| 040 |
_aDO-SdBNP _bspa _cLC _dBNPHU |
||
| 082 |
_a863.44 _bF363n |
||
| 100 | 1 |
_aFernández de Castro, Javier, _d1942- _923424 |
|
| 245 | 1 | 3 |
_aLa novia del capitán / _cJavier Fernández de Castro. |
| 260 |
_aMadrid : _bMondadori, _c1987. |
||
| 300 |
_a325 p. ; _c23 cm. |
||
| 490 | 1 | _aNarrativa Mondadori | |
| 650 | 4 |
_aNovela española _91123 |
|
| 650 | 4 |
_aLiteratura española _9632 |
|
| 830 | 0 |
_aNarrativa Mondadori _921246 |
|
| 910 | _aCatalogación por copia / LC | ||
| 049 | _aBNGR | ||
| 999 |
_c8639 _d8639 |
||